| 000 | 00000nam 2200000za 4500 |
| 001 | 9.699971 |
| 003 | CaOODSP |
| 005 | 20210625000625 |
| 007 | cr ||||||||||| |
| 008 | 150407s1932 onc|||||o f|0| 0 eng d |
| 040 | |aCaOODSP|beng |
| 043 | |an-cn--- |
| 086 | 1 |aCP32-150/1932E-PDF |
| 086 | 1 |aZ1-1931/2E-PDF |
| 245 | 00|aReport of the Royal Commission to Inquire into Railways and Transportation in Canada, 1931-2 |h[electronic resource] / |cLyman P. Duff, chairman ; [Lord] Ashfield, J.W. Flavelle, Beaudry Leman, Leonor F. Loree, Walter C. Murray, and John Clarence Webster, [commissioners]. |
| 246 | 1 |aReport of Royal Commission - railways and transportation in Canada |
| 260 | |a[Ottawa : |bPrivy Council Office], |c1932. |
| 300 | |a117 p. : |bgraphs, maps. |
| 500 | |aHistorical publication digitized in 2012 by Privy Council Office of Canada. |
| 590 | |a15-04-Supp|b2015-03-19 |
| 690 | 07|aRail transport|2gcpds |
| 690 | 07|aTransport|2gcpds |
| 690 | 07|aCommissions of inquiry|2gcpds |
| 710 | 1 |aCanada. |bPrivy Council Office. |
| 775 | 08|tRapport de la Commission royale d'enquête sur les chemins de fer et les transpots au Canada, 1931-32 |w(CaOODSP)9.643927 |
| 856 | 40|ahttp://publications.gc.ca|qPDF|s6.80 MB|uhttps://publications.gc.ca/collections/collection_2014/bcp-pco/CP32-150-1932-eng.pdf |